Normal view
MARC view
- Carr, Alan,
Entry Personal Name
001 - CONTROL NUMBER
- control field: 36235
003 - CONTROL NUMBER IDENTIFIER
- control field: OSt
005 - DATE AND TIME OF LATEST TRANSACTION
- control field: 20141016132058.0
008 - FIXED-LENGTH DATA ELEMENTS
- fixed length control field: 141016|| aca||aabn | a|a d
040 ## - CATALOGING SOURCE
- Original cataloging agency: OSt
100 1# - HEADING--PERSONAL NAME
- Personal name: Carr, Alan,
- Dates associated with a name: 1957-
400 1# - SEE FROM TRACING--PERSONAL NAME
- Personal name: Carr, Alan,
- Titles and other words associated with a name: Dr.